Využití matematických metod v ekonomice práce, zejména při plánování a rozmisťování pracovných sil
Salvato in:
| Autore principale: | |
|---|---|
| Ente Autore: | |
| Natura: | Libro |
| Lingua: | ceco |
| Pubblicazione: |
Praha
Státní pedagogické nakladatelství
1970
|
| Serie: | Učební texty vysokých škol
|
| Tags: |
Nessun Tag, puoi essere il primo ad aggiungerne!!
|
MARC
| LEADER | 00000nam a2200000 4500 | ||
|---|---|---|---|
| 001 | c111280 | ||
| 005 | 20190423075713.4 | ||
| 041 | 0 | |a cze | |
| 044 | |a CZ | ||
| 245 | 1 | 0 | |a Využití matematických metod v ekonomice práce, zejména při plánování a rozmisťování pracovných sil |c Svatopluk Rufert a kol. |
| 264 | 1 | |a Praha |b Státní pedagogické nakladatelství |c 1970 | |
| 300 | |a 128 s. | ||
| 490 | 1 | |a Učební texty vysokých škol | |
| 830 | 0 | |a Učební texty vysokých škol | |
| 100 | 1 | |a Rufert, Svatopluk | |
| 710 | 2 | |a Vysoká škola ekonomická v Praze. Fakulta řízení | |